[Event "Rated Blitz game"]
[Site "?"]
[Date "2021.06.16"]
[Round "?"]
[White "SrJingles"]
[Black "annaly1979"]
[Result "0-1"]
[WhiteElo "2483"]
[BlackElo "2445"]
[PlyCount "30"]
[EventDate "2021.??.??"]
[EventType "blitz"]

1. e4 e5 2. Nf3 d5 3. exd5 e4 4. Qe2 f5 5. d3 Nf6 6. Nc3 Bb4 7. Bd2 Bxc3 8.
Bxc3 O-O 9. Ne5 Nxd5 10. dxe4 Nxc3 11. Qc4+ Kh8 12. Nf7+ Rxf7 13. Qxf7 Nxe4 14.
Rd1 Nd6 15. Bc4 Nxf7 {Normal} 0-1

[Event "Rated Blitz game"]
[Site "?"]
[Date "2021.06.16"]
[Round "?"]
[White "Aleator009"]
[Black "KinzyabulatovRenat"]
[Result "1-0"]
[WhiteElo "2534"]
[BlackElo "2463"]
[PlyCount "25"]
[EventDate "2021.??.??"]
[EventType "blitz"]

1. e4 e5 2. Nf3 d5 3. exd5 e4 4. Ne5 Qxd5 5. d4 exd3 6. Nxd3 Nc6 7. Nc3 Qa5 8.
Bf4 Bf5 9. Qf3 O-O-O 10. O-O-O Nd4 11. Qe3 Nf6 12. Qe5 Ng4 13. Qxa5 {Normal}
1-0

[Event "Rated Blitz tournament 4XAX7LIy"]
[Site "?"]
[Date "2021.06.16"]
[Round "?"]
[White "WB_Noor_Junior"]
[Black "om_gendut"]
[Result "1-0"]
[WhiteElo "2316"]
[BlackElo "2478"]
[PlyCount "61"]
[EventDate "2021.??.??"]
[EventType "blitz"]

1. e4 e5 2. Nf3 d5 3. Nxe5 Bd6 4. d4 dxe4 5. Bf4 Nf6 6. Bc4 O-O 7. Nc3 Qe7 8.
O-O Nbd7 9. Re1 Nxe5 10. dxe5 Bxe5 11. Bg5 Bf5 12. Nd5 Qc5 13. Bxf6 gxf6 14.
Qh5 Bg6 15. Nxf6+ Kh8 16. Nd7 Bxh2+ 17. Qxh2 Qh5 18. Qxh5 Bxh5 19. Nf6 Bg6 20.
Nxe4 b5 21. Bxb5 Rab8 22. Bc6 Rxb2 23. Ba4 Rb3 24. Bxb3 Rb8 25. Nf6 Kg7 26. Nd7
Rd8 27. Ne5 a5 28. a4 Rb8 29. f4 Rb4 30. Nxg6 hxg6 31. g3 {Normal} 1-0

[Event "Rated Blitz tournament 6KZaY8JT"]
[Site "?"]
[Date "2021.06.16"]
[Round "?"]
[White "LongLiveBelarus"]
[Black "Secret2700"]
[Result "0-1"]
[WhiteElo "2613"]
[BlackElo "2423"]
[PlyCount "80"]
[EventDate "2021.??.??"]
[EventType "blitz"]

1. e4 e5 2. Nf3 d5 3. exd5 e4 4. Qe2 Nf6 5. d3 Bb4+ 6. Bd2 O-O 7. Bxb4 exf3 8.
Qxf3 Re8+ 9. Kd2 Nxd5 10. c3 Nc6 11. Na3 a5 12. Bc5 b6 13. Be3 Ne5 14. Qg3 Bf5
15. Re1 Nxd3 16. Bxd3 Bxd3 17. Bd4 Bg6 18. Nb5 Nf6 19. Qxc7 Ne4+ 20. Rxe4 Bxe4
21. Qxd8 Raxd8 22. f3 Bc6 23. a4 Bxb5 24. axb5 Rd5 25. Kd3 Rxb5 26. c4 Rb3+ 27.
Bc3 a4 28. Ra1 b5 29. cxb5 Rxb5 30. Rxa4 Rh5 31. h4 Rh6 32. Rd4 Rg6 33. b4 Rxg2
34. b5 Rf2 35. f4 Rf3+ 36. Kc2 Rc8 37. Rd3 Rf2+ 38. Kb3 Rb8 39. Kc4 Rxf4+ 40.
Bd4 g6 {Normal} 0-1

[Event "Rated Blitz game"]
[Site "?"]
[Date "2021.06.16"]
[Round "?"]
[White "rudolf85"]
[Black "ReinaldoR"]
[Result "1-0"]
[WhiteElo "2459"]
[BlackElo "2457"]
[PlyCount "111"]
[EventDate "2021.??.??"]
[EventType "blitz"]

1. e4 e5 2. Nf3 d5 3. exd5 e4 4. Nd4 Qxd5 5. Nb3 Nf6 6. Nc3 Qe5 7. Be2 Bf5 8.
d4 exd3 9. cxd3 Bd6 10. d4 Qe7 11. Bg5 c6 12. Qd2 h6 13. Bh4 Qc7 14. Bxf6 gxf6
15. g3 Nd7 16. O-O-O O-O-O 17. Bd3 Be6 18. Bc2 Nb6 19. Kb1 h5 20. Rhe1 Kb8 21.
f4 Bg4 22. Rc1 h4 23. Qf2 hxg3 24. hxg3 f5 25. Rh1 Be7 26. Bd3 Bf6 27. Qc2 Qd7
28. Rxh8 Rxh8 29. Qf2 Nd5 30. Nc5 Qd8 31. a3 Nxc3+ 32. bxc3 Qd5 33. Qa2 Qxa2+
34. Kxa2 Kc7 35. Kb3 b6 36. Na4 Rh3 37. Rg1 Rh2 38. Nb2 c5 39. dxc5 Rd2 40. Bb1
Bf3 41. Nc4 Bd5 42. Kb4 Re2 43. cxb6+ axb6 44. Bd3 Be7+ 45. Kb3 b5 46. Bxe2
bxc4+ 47. Bxc4 Be6 48. Bxe6 fxe6 49. Re1 Kd7 50. Rd1+ Kc6 51. a4 Bc5 52. Kc4
Bf2 53. Rd3 Bxg3 54. Rxg3 Kd6 55. Re3 e5 56. Rxe5 {Normal} 1-0

[Event "Rated Blitz game"]
[Site "?"]
[Date "2021.06.16"]
[Round "?"]
[White "blunder_ata"]
[Black "KinzyabulatovRenat"]
[Result "0-1"]
[WhiteElo "2444"]
[BlackElo "2433"]
[PlyCount "112"]
[EventDate "2021.??.??"]
[EventType "blitz"]

1. e4 e5 2. Nf3 d5 3. d3 dxe4 4. dxe4 Qxd1+ 5. Kxd1 Nf6 6. Nc3 Ng4 7. Ke1 Bc5
8. Nd1 Nc6 9. c3 h6 10. h3 Nf6 11. Bd3 Be6 12. Be3 Bxe3 13. Nxe3 O-O-O 14. Bc2
a5 15. Ke2 Nd7 16. Rad1 Nc5 17. Nd5 f6 18. Rhe1 Rd7 19. b4 axb4 20. cxb4 Bxd5
21. bxc5 Bxa2 22. Ra1 Bc4+ 23. Ke3 Ba6 24. Red1 Rxd1 25. Bxd1 Rd8 26. Be2 Nb4
27. Bxa6 Nc2+ 28. Ke2 Nxa1 29. Bc4 b5 30. Bxb5 Nb3 31. Ba6+ Kb8 32. c6 Nd4+ 33.
Nxd4 Rxd4 34. Ke3 Ka7 35. Bb7 Kb6 36. f4 Rc4 37. f5 Rc2 38. Kf3 h5 39. Kg3 Kc5
40. Kh4 Rxg2 41. Kxh5 Kd4 42. Ba6 Kxe4 43. Bc8 Kf4 44. Be6 e4 45. h4 e3 46. Bc4
e2 47. Bxe2 Rxe2 48. Kg6 Rg2+ 49. Kf7 Kxf5 50. Ke7 Rh2 51. Kd7 Rxh4 52. Kxc7
Rc4 53. Kd7 g5 54. c7 g4 55. c8=N Rxc8 56. Kxc8 g3 {Normal} 0-1

[Event "Rated Blitz tournament 6KZaY8JT"]
[Site "?"]
[Date "2021.06.16"]
[Round "?"]
[White "Cuappatolli"]
[Black "Secret2700"]
[Result "1-0"]
[WhiteElo "2365"]
[BlackElo "2429"]
[PlyCount "35"]
[EventDate "2021.??.??"]
[EventType "blitz"]

1. e4 e5 2. Nf3 d5 3. Qe2 dxe4 4. Qxe4 Nf6 5. Qxe5+ Be7 6. Bb5+ Nbd7 7. O-O O-O
8. Qe2 Nc5 9. d3 Bd6 10. h3 a6 11. Bc4 Bf5 12. a4 Re8 13. Be3 Qd7 14. Ng5 h6
15. Nxf7 Kh7 16. Nxd6 cxd6 17. Qf3 Rac8 18. b4 {Normal} 1-0

[Event "Titled Tuesday 15th June"]
[Site "chess.com INT"]
[Date "2021.06.15"]
[Round "2"]
[White "Fischer, Daniel"]
[Black "Christensen, Thom2"]
[Result "0-1"]
[WhiteElo "2290"]
[BlackElo "2154"]
[PlyCount "60"]
[EventDate "2021.06.15"]
[SourceTitle "The Week in Chess 1389"]
[Source "Mark Crowther"]
[SourceDate "2021.06.21"]
[SourceVersion "1"]
[SourceVersionDate "2021.06.21"]
[SourceQuality "2"]

1. e4 e5 2. Nf3 d5 3. Nxe5 Bd6 4. d4 dxe4 5. Nc4 Ne7 6. Nxd6+ cxd6 7. Be2 O-O
8. O-O f5 9. f3 d5 10. c4 Be6 11. cxd5 Bxd5 12. fxe4 fxe4 13. Rxf8+ Qxf8 14.
Nc3 Nbc6 15. Nxd5 Nxd5 16. Bc4 Qf7 17. Be3 Na5 18. Bxd5 Qxd5 19. Rc1 Nc4 20.
Qb3 b5 21. a4 a6 22. Qc3 Rd8 23. Bf2 Re8 24. b3 Nd6 25. Qc5 Qe6 26. d5 Qe7 27.
Bg3 Rd8 28. Re1 h6 29. axb5 axb5 30. h3 Qd7 0-1

[Event "Rated Blitz game"]
[Site "?"]
[Date "2021.06.15"]
[Round "?"]
[White "divergent_twin"]
[Black "CaroyinixDiscomix"]
[Result "1-0"]
[WhiteElo "2466"]
[BlackElo "2389"]
[PlyCount "77"]
[EventDate "2021.??.??"]
[EventType "blitz"]

1. e4 e5 2. Nf3 d5 3. Nxe5 Bd6 4. d4 dxe4 5. Bc4 Bxe5 6. Qh5 Qe7 7. Qxe5 Qxe5
8. dxe5 Nc6 9. Nc3 Nxe5 10. Bb3 Bf5 11. Bf4 f6 12. Bxe5 fxe5 13. O-O-O Nf6 14.
Rhe1 Rd8 15. Bd5 Nxd5 16. Nxd5 c6 17. Nc3 Rxd1+ 18. Kxd1 Rf8 19. Kd2 Ke7 20.
Ke3 Bg6 21. Rd1 b5 22. Rd2 Rf4 23. b4 h5 24. h3 Bh7 25. a4 a6 26. a5 g5 27. Ne2
Bg6 28. Nxf4 gxf4+ 29. Ke2 Bf7 30. Kd1 Bd5 31. Ke1 Bc4 32. g3 e3 33. fxe3 fxe3
34. Rg2 Kf6 35. g4 h4 36. g5+ Kg6 37. Rg4 Be6 38. Rxh4 Kxg5 39. Re4 {Time
forfeit} 1-0

[Event "Rated Blitz game"]
[Site "?"]
[Date "2021.06.15"]
[Round "?"]
[White "dbestsmiles"]
[Black "KinzyabulatovRenat"]
[Result "1-0"]
[WhiteElo "2499"]
[BlackElo "2467"]
[PlyCount "53"]
[EventDate "2021.??.??"]
[EventType "blitz"]

1. e4 e5 2. Nf3 d5 3. Nxe5 Bd6 4. d4 dxe4 5. Bc4 Bxe5 6. Qh5 Qe7 7. Qxe5 Qxe5
8. dxe5 Nc6 9. Nc3 Bd7 10. Bf4 Nge7 11. O-O-O Ng6 12. Bg3 Ngxe5 13. Bb3 O-O-O
14. Nxe4 b6 15. Rhe1 f6 16. f4 Ng4 17. h3 Nh6 18. Bf2 Nf5 19. g4 Nfe7 20. Ng3
Kb7 21. Nh5 Bc8 22. Nxg7 Rhf8 23. Ne6 Bxe6 24. Bxe6 Rxd1+ 25. Rxd1 Nd8 26. Bc4
c6 27. Rd7+ {Normal} 1-0

[Event "Rated Blitz game"]
[Site "?"]
[Date "2021.06.15"]
[Round "?"]
[White "flo50"]
[Black "annaly1979"]
[Result "0-1"]
[WhiteElo "2510"]
[BlackElo "2462"]
[PlyCount "66"]
[EventDate "2021.??.??"]
[EventType "blitz"]

1. e4 e5 2. Nf3 d5 3. exd5 e4 4. Qe2 f5 5. d3 Nf6 6. Nc3 Bb4 7. Bd2 Bxc3 8.
Bxc3 O-O 9. dxe4 fxe4 10. Ne5 Nbd7 11. O-O-O Re8 12. Nxd7 Bxd7 13. h3 b5 14. g4
a5 15. g5 b4 16. Bxf6 gxf6 17. gxf6 Qxf6 18. Qc4 Qd6 19. Bg2 a4 20. Bxe4 Qf4+
21. Kb1 Qxe4 22. Qxc7 Bf5 23. Rhg1+ Bg6 24. h4 b3 25. Rc1 Rec8 26. Qg3 Rxc2 27.
Rxc2 bxc2+ 28. Ka1 Rc8 29. Qg5 a3 30. h5 axb2+ 31. Kxb2 Qb4+ 32. Kc1 Qa3+ 33.
Kd2 c1=Q+ {Normal} 0-1

[Event "Rated Blitz game"]
[Site "?"]
[Date "2021.06.15"]
[Round "?"]
[White "jetaedin"]
[Black "Schachelite"]
[Result "1-0"]
[WhiteElo "2467"]
[BlackElo "2498"]
[PlyCount "127"]
[EventDate "2021.??.??"]
[EventType "blitz"]

1. e4 e5 2. Nf3 d5 3. exd5 e4 4. Ng1 Qxd5 5. d3 Nf6 6. Nc3 Bb4 7. d4 Nc6 8. Be3
Bg4 9. Be2 Bxe2 10. Ngxe2 O-O-O 11. a3 Bxc3+ 12. Nxc3 Qc4 13. Qe2 Qxe2+ 14.
Nxe2 Nd5 15. c4 Nxe3 16. fxe3 f5 17. h4 Rhf8 18. g3 h5 19. b4 g6 20. O-O-O Rd6
21. Kc2 Nd8 22. d5 Nf7 23. Nf4 Ne5 24. Kc3 Ra6 25. Kb3 Rg8 26. a4 Ng4 27. Rhe1
Kd7 28. b5 Rf6 29. c5 Ne5 30. Rd4 Nf3 31. Red1 Nxd4+ 32. Rxd4 Rf7 33. Nh3 Ke7
34. Ng5 Rf6 35. Kc4 Rd8 36. Nh3 b6 37. c6 a6 38. Nf4 a5 39. Ne6 Rxe6 40. dxe6
Rxd4+ 41. Kxd4 Kxe6 42. Kc4 Ke5 43. Kc3 Kf6 44. Kd4 g5 45. Kd5 gxh4 46. gxh4 f4
47. Kxe4 fxe3 48. Kxe3 Ke5 49. Kd3 Kf5 50. Kd4 Kg4 51. Ke5 Kxh4 52. Ke6 Kg5 53.
Kd7 h4 54. Kxc7 h3 55. Kb8 h2 56. c7 h1=Q 57. c8=Q Qh6 58. Qc4 Kf5 59. Ka7 Ke5
60. Qc6 Qg7+ 61. Kxb6 Qf7 62. Ka6 Kd4 63. b6 Qc4+ 64. Ka7 {Time forfeit} 1-0

[Event "Rated Blitz game"]
[Site "?"]
[Date "2021.06.15"]
[Round "?"]
[White "anpramon"]
[Black "ekdubov"]
[Result "1-0"]
[WhiteElo "2407"]
[BlackElo "2271"]
[PlyCount "31"]
[EventDate "2021.??.??"]
[EventType "blitz"]

1. e4 e5 2. Nf3 d5 3. d4 dxe4 4. Nxe5 Bd6 5. Qe2 Nf6 6. Nc3 O-O 7. Nxe4 Re8 8.
f4 Nxe4 9. Qxe4 f6 10. Bc4+ Kf8 11. Qxh7 Be6 12. Bxe6 Rxe6 13. O-O c5 14. Qh8+
Ke7 15. Qxg7+ Ke8 16. Qf7# {Normal} 1-0

[Event "Rated Blitz game"]
[Site "?"]
[Date "2021.06.15"]
[Round "?"]
[White "DesertWolfTempo"]
[Black "King_bg03"]
[Result "0-1"]
[WhiteElo "2437"]
[BlackElo "2481"]
[PlyCount "106"]
[EventDate "2021.??.??"]
[EventType "blitz"]

1. e4 e5 2. Nf3 d5 3. d4 dxe4 4. Nxe5 Nf6 5. Bg5 Nbd7 6. Nc3 Bb4 7. Bc4 O-O 8.
O-O Bxc3 9. bxc3 Nxe5 10. dxe5 Qxd1 11. Rfxd1 Ng4 12. Bf4 Be6 13. Be2 Rfd8 14.
h3 Nh6 15. Bxh6 gxh6 16. a4 Kf8 17. Rd4 Bf5 18. Rad1 Ke7 19. g4 Bg6 20. h4 h5
21. gxh5 Bf5 22. Kh2 Rg8 23. Rg1 Rxg1 24. Kxg1 Rg8+ 25. Kh2 Ke6 26. Rb4 b6 27.
Bc4+ Kxe5 28. Bxf7 Rg4 29. a5 Rxh4+ 30. Kg2 Rg4+ 31. Kf1 c5 32. axb6 axb6 33.
Rxb6 Kf4 34. Rf6 Ke5 35. Rc6 Kf4 36. Ke2 Rg1 37. Rf6 Ke5 38. Rc6 Bg4+ 39. Ke3
Re1+ 40. Kd2 Re2+ 41. Kc1 Rxf2 42. Rxc5+ Kf4 43. Bg8 Bf5 44. Rc8 Bxc8 45. Bd5
e3 46. Bc4 Be6 47. Bd3 Bf5 48. Kd1 Bxd3 49. cxd3 Ra2 50. Ke1 e2 51. d4 Rc2 52.
d5 Ke3 53. d6 Rc1# {Normal} 0-1

[Event "Rated Blitz game"]
[Site "?"]
[Date "2021.06.15"]
[Round "?"]
[White "demiurgue"]
[Black "Razario90"]
[Result "1/2-1/2"]
[WhiteElo "2304"]
[BlackElo "2412"]
[PlyCount "58"]
[EventDate "2021.??.??"]
[EventType "blitz"]

1. e4 e5 2. Nf3 d5 3. exd5 e4 4. Qe2 Nf6 5. Nc3 Be7 6. Nxe4 O-O 7. d3 Nxd5 8.
Qd1 Re8 9. Be2 Bf5 10. Ng3 Bg6 11. O-O Nc6 12. Re1 Qd6 13. Ne4 Qd7 14. Bf1 Rad8
15. Bd2 h6 16. a3 a6 17. Nc3 Nf6 18. Ne5 Nxe5 19. Rxe5 Bd6 20. Rxe8+ Rxe8 21.
Qf3 c6 22. g3 Bh5 23. Qg2 Qf5 24. Re1 Rxe1 25. Bxe1 Bf3 26. Qh3 Bg4 27. Qg2 Bf3
28. Qh3 Bg4 29. Qg2 Bf3 {Normal} 1/2-1/2

[Event "Rated Rapid game"]
[Site "?"]
[Date "2021.06.15"]
[Round "?"]
[White "Chessisagreatsport12"]
[Black "DarthZannah"]
[Result "1-0"]
[WhiteElo "2827"]
[BlackElo "2607"]
[PlyCount "81"]
[EventDate "2021.??.??"]
[EventType "rapid"]

1. e4 e5 2. Nf3 d5 3. exd5 e4 4. Qe2 Nf6 5. d3 Qxd5 6. Nc3 Bb4 7. Nd2 Bxc3 8.
bxc3 Qe5 9. Nxe4 O-O 10. Bb2 Nxe4 11. Qxe4 Qb5 12. O-O-O Nc6 13. Be2 Be6 14. c4
Qa4 15. a3 Rfe8 16. Qh4 f6 17. Bh5 Re7 18. Rhe1 b5 19. Qe4 bxc4 20. Bf3 Bd7 21.
Qxc4+ Qxc4 22. dxc4 Rxe1 23. Rxe1 Rb8 24. Rd1 Be8 25. Bd5+ Kf8 26. Bc3 Ke7 27.
Bd2 Ne5 28. Bf4 Bf7 29. Bxe5 fxe5 30. Bxf7 Kxf7 31. Rd7+ Kf6 32. Rxc7 a5 33. c5
e4 34. c6 Rb5 35. Rb7 Rc5 36. c7 Ke5 37. Rb5 Rxb5 38. c8=Q Kd4 39. c3+ Kd3 40.
Qa6 Kc4 41. a4 {Normal} 1-0

[Event "Rated Blitz game"]
[Site "?"]
[Date "2021.06.15"]
[Round "?"]
[White "Bierpower"]
[Black "KinzyabulatovRenat"]
[Result "1-0"]
[WhiteElo "2464"]
[BlackElo "2431"]
[PlyCount "101"]
[EventDate "2021.??.??"]
[EventType "blitz"]

1. e4 e5 2. Nf3 d5 3. exd5 e4 4. Nd4 Qxd5 5. Nb3 Nc6 6. d3 Nf6 7. Be2 Bf5 8.
dxe4 Qxd1+ 9. Bxd1 Nxe4 10. O-O O-O-O 11. Be3 a5 12. N1d2 a4 13. Nxe4 axb3 14.
Ng3 bxc2 15. Nxf5 cxd1=Q 16. Rfxd1 Rxd1+ 17. Rxd1 g6 18. Nd4 Nb4 19. a3 Nd5 20.
Bg5 Bg7 21. Nb5 Re8 22. Kf1 Nf6 23. Rc1 Nd5 24. b3 h6 25. Nd6+ Kd7 26. Nxe8
Kxe8 27. Bd2 c6 28. a4 Kd7 29. g3 g5 30. Be3 g4 31. Rd1 h5 32. Bd4 Bf8 33. Re1
Bd6 34. Be5 Bb4 35. Rd1 Ke6 36. Bd4 f6 37. Be3 Ke5 38. Kg2 Ke4 39. Bd2 Bc5 40.
Bh6 Nc3 41. Rc1 Kd3 42. Re1 Kc2 43. Re6 Bd4 44. a5 Kxb3 45. Bd2 Nb5 46. Re7 Nd6
47. Rd7 Be5 48. f4 gxf3+ 49. Kxf3 c5 50. Bf4 Nf5 51. Rxb7+ {Time forfeit} 1-0

[Event "Rated Blitz game"]
[Site "?"]
[Date "2021.06.15"]
[Round "?"]
[White "dingradjabov"]
[Black "KinzyabulatovRenat"]
[Result "0-1"]
[WhiteElo "2534"]
[BlackElo "2501"]
[PlyCount "34"]
[EventDate "2021.??.??"]
[EventType "blitz"]

1. e4 e5 2. Nf3 d5 3. exd5 e4 4. Qe2 Nf6 5. Nc3 Be7 6. Nxe4 Nxd5 7. d4 O-O 8.
Bd2 Re8 9. O-O-O Nc6 10. a3 Bg4 11. h3 Nxd4 12. Qd3 Bxf3 13. gxf3 c5 14. Rg1
Kh8 15. Bc3 Nxc3 16. Nxc3 Qa5 17. Qf5 Nxf5 {Normal} 0-1

[Event "Rated Blitz game"]
[Site "?"]
[Date "2021.06.15"]
[Round "?"]
[White "M-K_2"]
[Black "KinzyabulatovRenat"]
[Result "1-0"]
[WhiteElo "2542"]
[BlackElo "2507"]
[PlyCount "75"]
[EventDate "2021.??.??"]
[EventType "blitz"]

1. e4 e5 2. Nf3 d5 3. Nxe5 Bd6 4. d4 dxe4 5. Nc4 Nf6 6. Nc3 O-O 7. Bg5 Be7 8.
Qd2 Nc6 9. O-O-O Bg4 10. Be2 Bxe2 11. Nxe2 Nd5 12. Bxe7 Qxe7 13. Nc3 Rad8 14.
Rhe1 f5 15. f3 Nxc3 16. Qxc3 Nb4 17. Kb1 Nd5 18. Qb3 b5 19. Ne3 c6 20. fxe4
fxe4 21. Ng4 Kh8 22. Ne5 Qh4 23. Nxc6 Rd6 24. Ne5 e3 25. Rf1 Rf2 26. Nf7+ Rxf7
27. Rxf7 h6 28. Rf8+ Kh7 29. Qd3+ Rg6 30. Rdf1 b4 31. Rh8+ Kxh8 32. Qxg6 Kg8
33. Qe6+ Kh7 34. Qxd5 e2 35. Qf5+ g6 36. Qf7+ Kh8 37. Qf8+ Kh7 38. Rf7# {Normal
} 1-0

[Event "Rated Blitz game"]
[Site "?"]
[Date "2021.06.15"]
[Round "?"]
[White "Vagizovich"]
[Black "KinzyabulatovRenat"]
[Result "1-0"]
[WhiteElo "2649"]
[BlackElo "2484"]
[PlyCount "103"]
[EventDate "2021.??.??"]
[EventType "blitz"]

1. e4 e5 2. Nf3 d5 3. exd5 e4 4. Qe2 Nf6 5. d3 Qxd5 6. Nc3 Bb4 7. Bd2 Bxc3 8.
Bxc3 O-O 9. dxe4 Nxe4 10. Qd3 Nxc3 11. bxc3 Re8+ 12. Be2 Qe6 13. O-O Nc6 14.
Rfe1 Qh6 15. Nd4 Ne5 16. Qg3 Bd7 17. Bb5 Bxb5 18. Nxb5 Ng6 19. Nxc7 Rxe1+ 20.
Rxe1 Qd2 21. Qe3 Qxe3 22. Rxe3 Rc8 23. Nd5 Kf8 24. g3 Rc5 25. Nb4 a5 26. Nd3
Rxc3 27. Re2 Ne7 28. Kf1 Nc6 29. Rd2 Nd4 30. Ne1 Rc4 31. f4 Ke7 32. Kf2 b5 33.
Ke3 Nf5+ 34. Kd3 h5 35. c3 Kd6 36. Nf3 f6 37. Kc2+ Kc6 38. Kb3 Ne3 39. Nd4+ Kb6
40. Rd3 a4+ 41. Kb2 Nf1 42. h3 g5 43. fxg5 fxg5 44. Rf3 Nd2 45. Rf6+ Ka5 46.
Nc6+ Kb6 47. Ne5+ Kc5 48. Nxc4 Nxc4+ 49. Kc1 Ne3 50. Rg6 g4 51. h4 Kc4 52. Rg5
{Time forfeit} 1-0

[Event "Rated Blitz game"]
[Site "?"]
[Date "2021.06.15"]
[Round "?"]
[White "lugoking"]
[Black "KinzyabulatovRenat"]
[Result "1-0"]
[WhiteElo "2459"]
[BlackElo "2442"]
[PlyCount "145"]
[EventDate "2021.??.??"]
[EventType "blitz"]

1. e4 e5 2. Nf3 d5 3. exd5 e4 4. Ne5 Qxd5 5. Nc4 Nf6 6. Nc3 Qe6 7. Be2 Bb4 8.
O-O O-O 9. a3 Bxc3 10. dxc3 Nc6 11. Bf4 Rd8 12. Qc1 Nd5 13. Bg3 Qe7 14. Ne3 Nf6
15. Bh4 h6 16. Bc4 Be6 17. Bb5 Ne5 18. Be2 Ng6 19. Bg3 Rd7 20. Rd1 Rad8 21.
Rxd7 Rxd7 22. Qe1 Nd5 23. Nxd5 Bxd5 24. Rd1 f5 25. Bh5 Bf7 26. Rxd7 Qxd7 27. f3
exf3 28. Bxf3 c6 29. Qe3 Kh7 30. h4 b6 31. h5 Nf8 32. Qe5 Bd5 33. Bxd5 Qxd5 34.
Qxd5 cxd5 35. Kf2 Ne6 36. Bb8 a6 37. Kf3 g5 38. hxg6+ Kxg6 39. g4 fxg4+ 40.
Kxg4 h5+ 41. Kh4 b5 42. b4 Ng7 43. Be5 Nf5+ 44. Kh3 Kg5 45. Kg2 Kg4 46. Kf2 h4
47. Kg2 h3+ 48. Kh2 Nh4 49. Bc7 Nf3+ 50. Kh1 Kf5 51. Bg3 Ke4 52. Bf2 Kf4 53.
Bb6 Kg3 54. Bc7+ Kf2 55. Bd8 Ke2 56. Bf6 Kd1 57. c4 dxc4 58. c3 Kc2 59. Bg7 Kb2
60. Bf6 Kxa3 61. Bg7 Kb3 62. Bh6 Ka4 63. Bg7 a5 64. bxa5 Kxa5 65. Bf6 Ka4 66.
Be7 b4 67. Bxb4 Kb3 68. Be7 Ne5 69. Bf6 Nd3 70. Bd4 Nf4 71. Kh2 Ne2 72. Bf6
Nxc3 73. Kxh3 {Time forfeit} 1-0

[Event "Rated Blitz game"]
[Site "?"]
[Date "2021.06.15"]
[Round "?"]
[White "Mulika13"]
[Black "KinzyabulatovRenat"]
[Result "0-1"]
[WhiteElo "2538"]
[BlackElo "2487"]
[PlyCount "92"]
[EventDate "2021.??.??"]
[EventType "blitz"]

1. e4 e5 2. Nf3 d5 3. d4 dxe4 4. Nxe5 Bd6 5. Nc4 Nf6 6. Bg5 Be7 7. Nc3 Nc6 8.
d5 Nxd5 9. Qxd5 Bxg5 10. Qxe4+ Be6 11. f4 Bf6 12. f5 O-O 13. fxe6 Re8 14. Rd1
Qc8 15. Be2 Rxe6 16. Qd5 Qe8 17. Rd2 Rd8 18. Qh5 Rxd2 19. Kxd2 g6 20. Qf3 Bg5+
21. Kd1 Nd4 22. Qd3 Nxe2 23. Nxe2 b5 24. Na5 Rd6 25. Nd4 Qd7 26. c3 c5 27. Nab3
cxd4 28. cxd4 a5 29. Kc2 a4 30. Nc5 Qd8 31. Qxb5 Rxd4 32. Nd3 Rd5 33. Qc4 a3
34. Rd1 axb2 35. Nxb2 Rd2+ 36. Rxd2 Qxd2+ 37. Kb3 Bf6 38. Nd3 Qxg2 39. a4 Qxh2
40. a5 Qb8+ 41. Qb4 Qd8 42. a6 Qxd3+ 43. Ka4 Qxa6+ 44. Qa5 Qxa5+ 45. Kxa5 h5
46. Kb4 h4 {Normal} 0-1

[Event "Rated Blitz game"]
[Site "?"]
[Date "2021.06.15"]
[Round "?"]
[White "damoma"]
[Black "KinzyabulatovRenat"]
[Result "1-0"]
[WhiteElo "2471"]
[BlackElo "2439"]
[PlyCount "63"]
[EventDate "2021.??.??"]
[EventType "blitz"]

1. e4 e5 2. Nf3 d5 3. exd5 e4 4. Qe2 Nf6 5. Nc3 Be7 6. Nxe4 Nxd5 7. Qd1 O-O 8.
d3 Re8 9. Be2 c5 10. O-O Nc6 11. a3 f5 12. Nc3 Be6 13. Re1 Bf6 14. Bd2 Rc8 15.
Nxd5 Bxd5 16. Bc3 Nd4 17. Bxd4 cxd4 18. Nd2 Qe7 19. Rc1 Bg5 20. g3 f4 21. Bf3
Bxf3 22. Qxf3 Qxe1+ 23. Rxe1 Rxe1+ 24. Kg2 fxg3 25. Qd5+ Kh8 26. Qxg5 gxf2 27.
Kxf2 Rce8 28. Ne4 h6 29. Qg6 R1xe4 30. dxe4 Rc8 31. e5 Rxc2+ 32. Qxc2 {Normal}
1-0

[Event "Rated Blitz game"]
[Site "?"]
[Date "2021.06.15"]
[Round "?"]
[White "wblodw"]
[Black "GrandeGila"]
[Result "0-1"]
[WhiteElo "2470"]
[BlackElo "2487"]
[PlyCount "70"]
[EventDate "2021.??.??"]
[EventType "blitz"]

1. e4 e5 2. Nf3 d5 3. Nxe5 Bd6 4. d4 dxe4 5. Nc4 Nc6 6. Nxd6+ Qxd6 7. Be3 Qb4+
8. Nd2 Qxb2 9. Nxe4 Bf5 10. Bd3 Bxe4 11. Bxe4 Qc3+ 12. Kf1 Nge7 13. Rb1 O-O-O
14. Rb3 Qa5 15. Qb1 b6 16. c3 g6 17. h4 Qa4 18. Bc2 Qc4+ 19. Bd3 Qe6 20. Qb2
Na5 21. Qa3 Nec6 22. Rb1 Kb8 23. Qa4 Kc8 24. h5 Rde8 25. h6 Kd8 26. Rh4 Qf6 27.
Rf4 Qd6 28. Rxf7 Rhf8 29. Bg5+ Kc8 30. Rxf8 Rxf8 31. Be2 Qh2 32. Bg4+ Kb8 33.
Ke2 Qxg2 34. Bf3 Qxf3+ 35. Kf1 Qxf2# {Normal} 0-1

[Event "Rated Blitz game"]
[Site "?"]
[Date "2021.06.15"]
[Round "?"]
[White "lareinedesneiges"]
[Black "KinzyabulatovRenat"]
[Result "1-0"]
[WhiteElo "2626"]
[BlackElo "2496"]
[PlyCount "57"]
[EventDate "2021.??.??"]
[EventType "blitz"]

1. e4 e5 2. Nf3 d5 3. exd5 e4 4. Qe2 Nf6 5. Nc3 Be7 6. Nxe4 Nxd5 7. Ng3 O-O 8.
d3 Re8 9. Be3 f5 10. c4 Bb4+ 11. Nd2 Nxe3 12. fxe3 Nc6 13. O-O-O Qe7 14. Re1
Qc5 15. Nb3 Qb6 16. Rd1 Rxe3 17. Qf2 a5 18. d4 Re8 19. c5 Qa7 20. Bc4+ Kh8 21.
a4 Be6 22. Bxe6 Rxe6 23. d5 Rf6 24. dxc6 Rxc6 25. Rd5 b6 26. Rhd1 h6 27. Qxf5
Rxc5+ 28. Nxc5 Bxc5 29. Rd8+ {Normal} 1-0

[Event "Rated Blitz game"]
[Site "?"]
[Date "2021.06.15"]
[Round "?"]
[White "Doubleb17"]
[Black "KinzyabulatovRenat"]
[Result "1-0"]
[WhiteElo "2492"]
[BlackElo "2426"]
[PlyCount "127"]
[EventDate "2021.??.??"]
[EventType "blitz"]

1. e4 e5 2. Nf3 d5 3. Nxe5 Bd6 4. d4 dxe4 5. Nc4 Nf6 6. Nxd6+ Qxd6 7. Be2 Nc6
8. c3 O-O 9. Be3 Nd5 10. Qd2 f5 11. g3 Kh8 12. Na3 a6 13. Nc4 Qg6 14. Bf4 Be6
15. Ne5 Nxe5 16. Bxe5 Rad8 17. f4 exf3 18. Bxf3 c6 19. O-O-O Nf6 20. Kb1 Ne4
21. Qf4 Bd5 22. h4 h6 23. h5 Qg5 24. Rhf1 b5 25. Qxg5 Nxg5 26. Be2 Be4+ 27. Bd3
Bxd3+ 28. Rxd3 Ne4 29. Kc2 Rf7 30. Rdf3 Rdf8 31. b3 Kh7 32. c4 g5 33. hxg6+
Kxg6 34. Rf4 Rd8 35. g4 Rdf8 36. Rg1 Ng5 37. Bd6 fxg4 38. Rfxg4 Rf2+ 39. Kc3
R8f3+ 40. Kb4 Rxa2 41. Kc5 bxc4 42. bxc4 Rc3 43. Bf4 Ra5+ 44. Kb4 Rca3 45. Bxg5
R3a4+ 46. Kc3 Ra3+ 47. Kc2 Rxg5 48. Rxg5+ hxg5 49. Rb1 g4 50. Rb6 g3 51. Rxc6+
Kf5 52. Rc8 g2 53. Rg8 Ke4 54. d5 Kd4 55. Kb2 Rc3 56. d6 Rxc4 57. d7 Rb4+ 58.
Ka3 Rb8 59. Rxb8 g1=Q 60. d8=Q+ Ke4 61. Qe7+ Kf3 62. Rf8+ Kg2 63. Rg8+ Kf1 64.
Rxg1+ {Time forfeit} 1-0

[Event "Rated Blitz game"]
[Site "?"]
[Date "2021.06.15"]
[Round "?"]
[White "FlaggingIsADisease"]
[Black "KinzyabulatovRenat"]
[Result "0-1"]
[WhiteElo "2553"]
[BlackElo "2485"]
[PlyCount "102"]
[EventDate "2021.??.??"]
[EventType "blitz"]

1. e4 e5 2. Nf3 d5 3. d3 dxe4 4. dxe4 Qxd1+ 5. Kxd1 Nf6 6. Bd3 Nc6 7. c3 Ng4 8.
Ke2 Bc5 9. Rf1 h6 10. h3 Nf6 11. b4 Bb6 12. Na3 a6 13. Nc4 Nd7 14. Nxb6 Nxb6
15. Be3 f6 16. a4 Be6 17. Nd2 a5 18. b5 Nb8 19. Bxb6 cxb6 20. Bc4 Ke7 21. Bxe6
Kxe6 22. Nc4 Nd7 23. Rfd1 Rhc8 24. Rd6+ Ke7 25. Rxd7+ Kxd7 26. Nxb6+ Kd6 27.
Nxa8 Rxa8 28. Rd1+ Kc5 29. Rd7 Kc4 30. Rxb7 Kxc3 31. Rxg7 Kb4 32. b6 Kxa4 33.
Kd3 Kb3 34. Ra7 Rd8+ 35. Ke3 a4 36. b7 Rb8 37. Kd3 a3 38. g4 a2 39. h4 Kb2 40.
Kc4 a1=Q 41. Rxa1 Kxa1 42. Kd5 Rxb7 43. Ke6 Rb6+ 44. Kf5 Kb2 45. Kg6 Kc3 46.
Kxh6 f5+ 47. Kg5 fxe4 48. h5 Kd3 49. h6 Ke2 50. Kf5 Rxh6 51. g5 Rh5 {Time
forfeit} 0-1